ბათუმის შოთა რუსთაველის სახელმწიფო უნივერსიტეტის ბიბლიოთეკა

საქართველოს უზენაესი სასამართლოს გადაწყვეტილებანი ადმინისტრაციულ საქმეებზე 11. ზიანის ანაზღაურება 2016 (ბიბ.ჩანაწერი № 53173)

000 -LEADER
fixed length control field 01220nam a2200217Ia 4500
001 - CONTROL NUMBER
control field 20212
003 - CONTROL NUMBER IDENTIFIER
control field GE_BSU
008 - FIXED-LENGTH DATA ELEMENTS--GENERAL INFORMATION
fixed length control field 181216s||||||||xx |||||||||||||| ||und||
040 ## - CATALOGING SOURCE
Transcribing agency GE_BSU
245 ## - TITLE STATEMENT
Title საქართველოს უზენაესი სასამართლოს გადაწყვეტილებანი ადმინისტრაციულ საქმეებზე 11. ზიანის ანაზღაურება 2016
245 ## - TITLE STATEMENT
Remainder of title კრებული
245 ## - TITLE STATEMENT
Statement of responsibility, etc. გადაწყ. შერჩევასა და დამუშავ. პასუხისმგ. ლიანა ლომიძე
260 ## - PUBLICATION, DISTRIBUTION, ETC.
Place of publication, distribution, etc. თბილისი
260 ## - PUBLICATION, DISTRIBUTION, ETC.
Date of publication, distribution, etc. 2016
300 ## - PHYSICAL DESCRIPTION
Extent 218გვ. ; 21სმ.
653 ## - INDEX TERM--UNCONTROLLED
Uncontrolled term ზიანის ანაზღაურება
653 ## - INDEX TERM--UNCONTROLLED
Uncontrolled term პერიოდიკა
653 ## - INDEX TERM--UNCONTROLLED
Uncontrolled term სამართალი
653 ## - INDEX TERM--UNCONTROLLED
Uncontrolled term საქართველოს უზენაესი სასამართლოს გადაწყვეტილებანი ადმინისტრაციულ საქმეებზე 11. ზიანის ანაზღაურება 2016
942 ## - ADDED ENTRY ELEMENTS (KOHA)
Koha item type პერიოდიკა
ეგზემპლარები
Withdrawn status Lost status Damaged status Not for loan Date acquired Barcode Date last seen Price effective from Koha item type
        2018-12-17 78410 2018-12-17 2018-12-17 პერიოდიკა